000 00277nam a22001217a 4500
008 170614b xxu||||| |||| 00| 0 eng d
041 _ager
080 _a32
100 _a19
101 _aSHP
245 _aNEU FAKTEN ZU STAATSVERTRAG UN NEUTRALITAT
_cMOCK,A
942 _2udc
_cBK
999 _c17299
_d17299